|
|
|
|
| LEADER |
00000cam a2200000 7i4500 |
| 001 |
0000001696 |
| 005 |
20220105103925.0 |
| 008 |
070713 |
| 020 |
|
|
|a 1858300789
|
| 090 |
0 |
0 |
|a JP
|b FT ENG (3548)
|
| 100 |
1 |
|
|a McKie, Ann
|
| 245 |
1 |
0 |
|a 50 bedtime stories
|c Written Ann McKie;Illustrated by Ken McKie
|
| 260 |
|
|
|a London :
|b Grandreams Limited ,
|c 1996
|
| 500 |
|
|
|a Children age 4-6 years old (yellow)
|
| 650 |
|
0 |
|a Fairy tales
|
| 700 |
1 |
|
|a McKie, Ken
|
| 710 |
0 |
|
|a Title
|
| 999 |
|
|
|a 0000953079
|b Book
|c Children Collection
|e Cawangan Muar
|
| 999 |
|
|
|a 0000953080
|b Book
|c Children Collection
|e Cawangan Sri Merlong
|
| 999 |
|
|
|a 0000953081
|b Book
|c Children Collection
|e Cawangan Pontian
|
| 999 |
|
|
|a 0000953082
|b Book
|c Children Collection
|e Perbadanan Perpustakaan Awam Johor
|
| 999 |
|
|
|a 0000953083
|b Book
|c Children Collection
|e Perbadanan Perpustakaan Awam Johor
|